Štrukturálna politika Európskej únie v kontexte stratégie Európa 2020 diplomová práca

Salvato in:
Dettagli Bibliografici
Autore principale: Grešo, Radovan
Ente Autore: Národohospodárska fakulta EU. Katedra hospodárskej politiky
Altri autori: Vidová, Jarmila, 1967-
Natura: Libro
Lingua:slovacco
Pubblicazione: Bratislava 2015
Tags: Aggiungi Tag
Nessun Tag, puoi essere il primo ad aggiungerne!!

MARC

LEADER 00000nbm a2200000 4500
001 0202440
005 20161212095122.3
041 0 |a slo 
044 |a SK 
245 1 0 |a Štrukturálna politika Európskej únie v kontexte stratégie Európa 2020  |b diplomová práca  |c Radovan Grešo ; školiteľ: Jarmila Vidová 
264 1 |a Bratislava  |c 2015 
300 |a 78 s. 
100 1 |a Grešo, Radovan 
700 1 |a Vidová, Jarmila, 1967- 
710 2 |a Národohospodárska fakulta EU. Katedra hospodárskej politiky